000 01021cam a22003013a 4500
001 1015
003 PGUSA
005 20140828082955.0
008 060427s2006||||xxu|||||s|||||000 | eng d
040 _aPGUSA
_beng
042 _adc
050 4 _aF590.3
100 1 _aParkman, Francis,
_d1823-1893
245 1 4 _aThe Oregon Trail :
_bSketches of Prairie and Rocky-Mountain Life
_h[electronic resource] /
_cFrancis Parkman
260 _bProject Gutenberg,
_c2006
506 _aPublic domain in the USA.
516 _aElectronic text
653 _aWest (U.S.) -- History -- To 1848
653 _aParkman, Francis, 1823-1893 -- Travel -- West (U.S.)
653 _aFrontier and pioneer life -- West (U.S.)
653 _aWest (U.S.) -- Description and travel
653 _aCalifornia National Historic Trail
653 _aOregon National Historic Trail
653 _aIndians of North America -- West (U.S.)
830 0 _aProject Gutenberg
_v1015
856 4 0 _uhttp://www.gutenberg.org/ebooks/1015
942 _cEB
999 _c230366
_d230366